| 000 | 00898ntaaa2200205 4500 | ||
|---|---|---|---|
| 003 | 01 | ||
| 005 | 20251027203343.0 | ||
| 008 | 0714s1973 ag 01 | ||
| 040 |
_aAR-BaBN _bspa _cAR-BaBN _eaacr _dRIC |
||
| 100 |
_aRachmaninov, Sergei _d1873-1943 _937482 |
||
| 245 |
_aConcierto N° 2 para piano y orquesta en do menor op. 18 ; Rapsodia sobre un tema de Paganini para piano y orquesta op. 43 / _cSergei Rachmaninov |
||
| 260 |
_aBuenos Aires : _bViscontea [distribuidor], _cc1979 |
||
| 300 |
_a1 disco son. (55 min., 44 seg.) ; _canalógico, 33 1/3 rpm, estereo ; 12 plg. |
||
| 490 |
_aLos grandes músicos ; _v82 |
||
| 500 | _aAbbey Simon, piano ; Orquesta Sinfónica de Saint Louis, Leonard Slatkin, director | ||
| 500 | _aFabricado por: CBS. Licencia de: Vox-Turnabout-MMG (The Moss Music Group) | ||
| 500 | _aDuraciones: 32 min., 6 seg. ; 23 min., 38 seg. | ||
| 650 | _aMUSICA | ||
| 942 | _cBK | ||
| 999 |
_c29058 _d29058 |
||